000 00787nam a2200253 i 4500
003 DO-SdBNP
005 20240614150341.0
007 ta
008 240614s2010 dr 000 j spa d
020 _a9789945460766
040 _aDO-SdBNP
_bspa
_cBNPHU
_erda
082 _bD542
_222
100 1 _aDíaz López, Johanna
_d1979-
_92849
_eautora
245 1 0 _aTu ruta tu revelación /
_cJohanna Díaz López
264 1 _aSanto Domingo :
_bSoto Castillo,
_c2010.
300 _a77 páginas,
_c21 cm.
336 _2rdacontent
_atexto
_btxt
337 _2rdamedia
_asin mediación
_bn
338 _2rdacarrier
_avolumen
_bnc
500 _aIncluye datos biografícos de la autora en la solapa de la portada.
590 _aInventariado, 2024/ YL
910 _aYLockward
942 _2ddc
_cLBS1
999 _c56865
_d56865